| Tag |
First Indicator |
Second Indicator |
Subfields |
| LEADER |
00000cam a2200000 i 4500 |
| 001 |
in00003711213 |
| 005 |
20161018121410.0 |
| 008 |
160126s2015 it b 001 0 ita d |
| 035 |
|
|
|a (OCoLC)ocn953720487
|
| 040 |
|
|
|a C3L
|e rda
|c C3L
|d UIU
|d IUL
|d TXA
|
| 020 |
|
|
|a 9788863728880 (t. 1)
|
| 020 |
|
|
|a 8863728887 (t. 1)
|
| 020 |
|
|
|a 9788863728903 (t. 2)
|
| 020 |
|
|
|a 8863728909 (t. 2)
|
| 082 |
0 |
|
|a 851
|2 14
|
| 090 |
|
|
|a PQ4627.I46
|b S73 2015
|
| 049 |
|
|
|a TXAM
|
| 100 |
1 |
|
|a Imperiale, Gian Vincenzo,
|d 1582-1648,
|e author.
|
| 245 |
1 |
3 |
|a Lo stato rustico /
|c Giovan Vincenzo Imperiale ; edizione a cura di Ottavio Besomi, Augusta Lopez-Bernasocchi, Giovanni Sopranzi.
|
| 250 |
|
|
|a Prima edizione.
|
| 264 |
|
1 |
|a Roma :
|b Edizioni di storia e letteratura,
|c 2015.
|
| 300 |
|
|
|a 2 volumes ;
|c 24 cm.
|
| 336 |
|
|
|a text
|b txt
|2 rdacontent
|
| 337 |
|
|
|a unmediated
|b n
|2 rdamedia
|
| 338 |
|
|
|a volume
|b nc
|2 rdacarrier
|
| 490 |
1 |
|
|a BIT&S ;
|v 4
|
| 504 |
|
|
|a Includes bibliographical references and indexes.
|
| 600 |
1 |
0 |
|a Imperiale, Gian Vincenzo,
|d 1582-1648.
|t Stato rustico.
|
| 700 |
1 |
|
|a Besomi, Ottavio,
|e editor.
|
| 700 |
1 |
|
|a López Bernasocchi, Augusta,
|e editor.
|
| 700 |
1 |
|
|a Sopranzi, Giovanni,
|e editor.
|
| 830 |
|
0 |
|a Biblioteca italiana testi e studi ;
|v 4.
|
| 948 |
|
|
|a cataloged
|b h
|c 2016/10/18
|d c
|e dmitchel
|f 12:12:12 pm
|
| 994 |
|
|
|a C0
|b TXA
|
| 999 |
f |
f |
|s 40bdf159-a184-366d-bc85-2a97c0316a62
|i 577ac72e-e94b-35a0-b846-1896a4bcbede
|t 0
|
| 952 |
f |
f |
|p normal
|a Texas A&M University
|b College Station
|c Sterling C. Evans Library
|d Evans: Library Stacks
|t 0
|e PQ4627.I46 S73 2015
|h Library of Congress classification
|i unmediated -- volume
|k t.1
|m A14843624975
|
| 952 |
f |
f |
|p normal
|a Texas A&M University
|b College Station
|c Sterling C. Evans Library
|d Evans: Library Stacks
|t 0
|e PQ4627.I46 S73 2015
|h Library of Congress classification
|i unmediated -- volume
|k t.2
|m A14843624983
|
| 998 |
f |
f |
|a PQ4627.I46 S73 2015
|s t.1-2
|t 0
|l Evans: Library Stacks
|